| 000 | 00699nam a22001937a 4500 | ||
|---|---|---|---|
| 005 | 20250627154456.0 | ||
| 010 | _aENG-145613 | ||
| 020 |
_a9789389080827 _c120.00 |
||
| 035 | _aEN-129145 | ||
| 037 | _bDBAD | ||
| 082 |
_a881 _21 |
||
| 100 |
_aMuththamizh Virumbi _982441 |
||
| 245 |
_aHoney Hive/ _cMuththamizh Virumbi [and] Translated By C. Rajeswar |
||
| 260 |
_aChennai _bEmerald Publishers |
||
| 270 |
_aOlivannam Gopalkrishnan, Emerald Publishers, 15A, First Floor, Casa Major road, Egmore, _bChennai _e600008 _minfo@emeraldpublishers.com _k91 44 28193206, 42146994 |
||
| 300 |
_a103p. _c19cm(pb) |
||
| 700 |
_970456 _aC. Rajeswar _eTranslator |
||
| 942 |
_2ddc _cEN _h881 _mVIR |
||
| 999 |
_c211995 _d211995 |
||